In your face Law, Justice, and Niqab-Wearing Women in Canada /

Bibliographic Details
Main Author: Bakht, Natasha
Format: eBook
Language:English
Published: Toronto: Irwin Law Inc., 2020
Subjects:
Online Access:Acceso restringido

MARC

LEADER 00000nam a22000007a 4500
005 20210820215354.0
007 cr|||| ||||
008 210820s2020 ca |||||s|||| 00||0 eng d
020 |a 978-1-55221-596-8 
035 |a 35191 
040 |a vLex 
090 |c 12096  |d 12096 
100 1 |a Bakht, Natasha 
245 1 0 |a In your face  |h [Recurso electrn̤ico] :  |b Law, Justice, and Niqab-Wearing Women in Canada /  |c Natasha Bakht 
256 |a Servicio en ln̕ea 
260 |a Toronto:  |b Irwin Law Inc.,  |c 2020 
300 |a 1 recurso electrn̤ico 
506 1 |a Disponible solo en los productos indicados  |d vLex Global  |d vLex Global (Academic Edition, excluding Law Schools)  |d vLex Global (U.S. Academic Edition, Law Schools)  |d vLex Global (U.S. Academic Edition, excluding Law Schools)  |d vLex Global (Academic Edition, Law Schools) 
650 0 4 |a Ciencias sociales  |z Canad̀ 
740 0 |a vLex Libros (Servicio en ln̕ea) 
856 4 0 |u https://app.vlex.com/#/sources/35191  |z Acceso restringido 
942 |c BOOK 
999 0 |a Social Sciences